Survey (Record no. 83148)
[ view plain ]
| 000 -LEADER | |
|---|---|
| fixed length control field | 00997cab a22001935a 4500 |
| 001 - CONTROL NUMBER | |
| control field | L152961 |
| 008 - FIXED-LENGTH DATA ELEMENTS--GENERAL INFORMATION | |
| fixed length control field | 110518e20110509xxk 000 0 eng d |
| 035 ## - SYSTEM CONTROL NUMBER | |
| System control number | (Sirsi) u152961 |
| 041 0# - LANGUAGE CODE | |
| Language code of text/sound track or separate title | eng |
| 110 2# - MAIN ENTRY--CORPORATE NAME | |
| Corporate name or jurisdiction name as entry element | EuroProperty |
| 9 (RLIN) | 1216 |
| 245 00 - TITLE STATEMENT | |
| Title | Survey |
| Remainder of title | France |
| 260 ## - PUBLICATION, DISTRIBUTION, ETC. | |
| Date of publication, distribution, etc. | 2011 |
| 490 #0 - SERIES STATEMENT | |
| Series statement | EuroProperty |
| Volume/sequential designation | 9 May 2011, 17-21(5) |
| 520 ## - SUMMARY, ETC. | |
| Summary, etc. | Paris office investors cope with a dearth of high-quality green stock after development stalled post credit crunch. Capital Gains Tax changes in 2012 will prompt some French REITs to sell. The French commercial real estate market's overall rental outlook has improved. Paris region prime rents rise by 2%. France's tallest building, the Tour First scheme in Paris, has brought 87 000 sq m new grade A space to the market with 37 000 sq m prelet. Subdued French retail market prepares for a spate of development. |
| 590 ## - LOCAL NOTE (RLIN) | |
| Local note | KA |
| 651 #4 - SUBJECT ADDED ENTRY--GEOGRAPHIC NAME | |
| Geographic name | France |
| 690 ## - LOCAL SUBJECT ADDED ENTRY--TOPICAL TERM (OCLC, RLIN) | |
| Topical term or geographic name as entry element | PROPERTY-COMMERCIAL PROPERTY-COMMERCIAL PROPERTY FINANCE AND INVESTMENT |
| 942 ## - ADDED ENTRY ELEMENTS (KOHA) | |
| Suppress in OPAC | 0 |
| Withdrawn status | Lost status | Source of classification or shelving scheme | Damaged status | Not for loan | Home library | Current library | Shelving location | Date acquired | Total Checkouts | Full call number | Barcode | Date last seen | Copy number | Price effective from | Koha item type |
|---|---|---|---|---|---|---|---|---|---|---|---|---|---|---|---|
| Dewey Decimal Classification | London | London | Journal article | 18/05/2011 | L152961 | 152961-1001 | 06/08/2019 | 1 | 06/08/2019 | Journal article |